| 000 | 00545nam a22001937a 4500 | ||
|---|---|---|---|
| 005 | 20251108171129.0 | ||
| 008 | 250721s1994 xx 000 0 ara d | ||
| 082 | 1 | 4 | _a216/علي |
| 100 | 1 | _aشلق، علي | |
| 245 | 1 | 0 | _aالعقل الفقهي في الإسلام / |
| 264 | 1 |
_aبيروت : _bدار الحقيقه، _c1994. |
|
| 300 | _a535ص | ||
| 490 | 0 | _aالعقل و الإنسان | |
| 650 | 1 | 7 | _aالإسلام |
| 650 | 1 | 7 | _aالفقه الإسلامي |
| 650 | 1 | 7 | _aأصول الفقه |
| 942 |
_2ddc _cBK |
||
| 999 |
_c57358 _d57358 |
||